000 01907nam a2200229Ia 4500
003 Ost
005 20260507075612.0
008 260507s9999||||xx |||||||||||||| ||und||
020 _a9957402172
040 _cfsecg
041 _aara
082 _a657.45
100 _aجمعة، أحمد حلمي
_eمؤلف
245 0 _aالتدقيق الحديث للحسابات /
_c أحمد حلمي جمعة
246 _aHow to become an International Auditor
260 _aعمان:
_bدار صفاء للنشر والتوزيع,
_c1999
300 _a424 صفحة؛
_bإيضاحات ؛
_c24 سم
504 _a المراجع ص.363 الملاحق ص.373
520 _aمشاكل الرأي المهني في ضوء المعايير الدولية والتشريعات المحلية: موقف المدقق من القياس المحاسبي للنفقات، موقف المدقق من القياس المحاسبي للايرادات، موقف المدقق من القياس المحاسبي للمخصصات، موقف المدقق من القياس المحاسبي للاحتياطات، موقف المدقق من القياس المحاسبي للاستهلاك، موقف المدقق من القياس المحاسبي للربح، موقف المدقق من القياس المحاسبي للارباح القابلة للتوزيع، الأدوات والخدمات المهنية في ضوء المعايير الدولية: الرقابة الداخلية عند استخدام الحاسوب، التدقيق عند استخدام الحاسوب، عينات التدقيق، الاجراءات التحليلية عند التدقيق، فحص الحسابات لأغراض خاصة، الخدمات الاستشارية للادارة، مشاكل اعداد تقارير التدقيق في المجال الدولي
653 _aمراجعة الحسابات
942 _cكتاب
999 _c45089
_d45089